000 01070nam a2200229Ia 4500
999 _c36649
_d36649
001 2569
003 GE_BSU
005 20230919124612.0
008 181216s2005||||ge |||||||||||||| ||geo||
020 _a879992832827
040 _cGE_BSU
080 _a347. 934.6
100 _aქურდაძე, შალვა.
_99257
245 _aსამოქალაქო საქმეთა განხილვა პირველი ინსტანციის სასამართლოში /
_cშალვა ქურდაძე; [რედ.: ავთანდილ კობახიძე].
264 _aთბილისი :
_b მერიდიანი,
_c2005.
300 _a872 გვ.;
_b20 სმ.
541 _h37 ლ.
653 _aსამოქალაქო საქმეთა განხილვა
653 _aპირველი ინსტანციის სასამართლო
700 _aკობახიძე, ავთანდილ
_eრედაქტორი
_97026
942 _cBK
_2udc